000 00273nam a2200121Ia 4500
005 20260328104339.0
008 260328s9999||||xx |||||||||||||| ||und||
245 0 _aWie Wohnen Möbel /
260 _bTeufen
300 _a190 p.
650 _aDISEÑO INDUSTRIAL
942 _cBK
999 _c12040
_d12040